000 00433nam a22001697a 4500
005 20250308171447.0
008 250308b |||||||| |||| 00| 0 eng d
020 _a9780421635609
050 _aKD1554
100 _aUpex, Robert
245 _aDavies on Contract
_cUpex, Robert
250 _a8th ed.
260 _aLondon ;
_bSweet and Maxwell
_cc1999
300 _axxviii, 294 p. ;
500 _aContains index
942 _2lcc
_cBK
_n0
999 _c4606
_d4606